1896 1128 1021 1055 1932 1544 1279 1709 1787 1733 1293 1108 1782 1939 1561 1721 1907 1655 1913 1493 1827 1455 1416 1559 1395 1641 1207 1934 1967 1953 1571 1984 1523 1406 1349 1280 1935 1281 1899 1553 1132 1983 1943 1329 1789 1436 1956 1837 1057 1915 1141 1583 1930 1426 1706 1122 1173 1178 1021 1025 1790 1170 1882 1223 1250 1346 1332 1467 1794 1089 1873 1338 1316 1162 1024 1147 1649 1560 1324 1469 1921 1965 1745 1513 1324 1038 1814 1242 1894 1467 1592 1733 1931 1772 1075 1829 1056 1248 1225 BCNSPRNW ULIB Ver.6.0+V

เปลี่ยนเป็นภาษาไทย

Change to English
 แสดงรายละเอียดบรรณานุกรม
  กลับหน้าหลัก

Brief Record : Get Marc (ISO 2709) : E-mail record : QR code < ปิดหน้าต่าง
LEADER : 00000nam 2200000uu 4500
001    13399113965
003     ULIB
008    120118s2552||||th 000 0 tha d
020    ^a9789742129026
090    ^aนว.^bอ463ล
100 0  ^aJane Austen
245 00 ^aPride and Prejudice/^cJane Austen
250    ^aพิมพ์ครั้งที่ 1
260    ^aกรุงเทพฯ :^bพิมพ์คำ,^c2552
300    ^a144 หน้า
710 1  ^aซีเอ็ดยูเคชั่น จำกัด
945    ^p125^l0^i18667
995    ^aกัณชพร
999    ^aใช้งานได้ทุกระบบ
รายการนี้ยังไม่มีแท็ก
คุณยังไม่ได้ล็อกอิน คุณสามารถมีกิจกรรมร่วมกับเว็บไซต์ได้ แต่ต้องล็อกอินก่อน ::
  ล็อกอิน

รายการสื่อสารสนเทศ

ลำดับที่ ประเภท เลขเรียก/บาร์โค้ด สถานที่ สถานะ
1. นวนิยาย
นวนิยาย
นว. อ463ล  
  Barcode: 18667
ห้องสมุดวิทยาเขตสวรรค์ประชารักษ์
►นวนิยาย
บนชั้น
  ขอยืม

BibComment


ยังไม่เคยถูกคอมเมนท์

คอมเมนท์ทรัพยากรรายการนี้
  คอมเมนท์: Pride and Prejud..


 Copyright 2026. Bcnsprnw @Library